[Event "Asuncion Clasificatorio op 3rd"]
[Site "Asuncion"]
[Date "2015.07.19"]
[Round "6.2"]
[White "Morales, Ever"]
[Black "Heinechen, Juan"]
[Result "1-0"]
[WhiteElo "1980"]
[BlackElo "1825"]
[PlyCount "75"]
[EventDate "2015.07.17"]
[EventType "swiss"]
[EventRounds "7"]
[EventCountry "PAR"]
[SourceTitle "EXT 2023"]
[Source "ChessBase"]
[SourceDate "2022.10.05"]
[SourceVersion "1"]
[SourceVersionDate "2022.10.05"]
[SourceQuality "1"]

1. e4 c5 2. Nc3 g6 3. g3 Bg7 4. Bg2 Nc6 5. f4 d6 6. d3 e6 7. Be3 Nge7 8. Qd2 a6 9. Nf3 Qa5 10. 0-0 0-0 11. a3 Rd8 12. Rfb1 d5 13. b4 Qc7 14. Bxc5 dxe4 15. Nxe4 Bxa1 16. Rxa1 b6 17. Nf6+ Kg7 18. Qc3 e5 19. Bxe7 Qxe7 20. fxe5 Bb7 21. Re1 Rac8 22. Qb2 h6 23. d4 Nb8 24. c3 Nd7 25. Ng4 Nf8 26. Qd2 g5 27. Nh4 Qd7 28. Nf6 Qc7 29. Nf5+ Kh8 30. Bxb7 Qxb7 31. Nxh6 Nh7 32. Nxh7 Kxh7 33. Qxg5 Rg8 34. Nxg8 Rxg8 35. Qh5+ Kg7 36. Rf1 Rh8 37. Qg5+ Kf8 38. e6 1-0

[Event "Asuncion IRT op "]
[Site "Asuncion"]
[Date "2015.02.28"]
[Round "6"]
[White "Morales, Ever"]
[Black "Recalde, Ariel"]
[Result "0-1"]
[WhiteElo "1980"]
[BlackElo "1900"]
[PlyCount "72"]
[EventDate "2015.02.20"]
[EventType "swiss"]
[EventRounds "9"]
[EventCountry "PAR"]
[SourceTitle "EXT 2017"]
[Source "ChessBase"]
[SourceDate "2016.10.25"]
[SourceVersion "1"]
[SourceVersionDate "2016.10.25"]
[SourceQuality "1"]

1. c4 c6 2. Nf3 d5 3. cxd5 cxd5 4. g3 Nc6 5. Bg2 Nf6 6. 0-0 Bf5 7. d3 e6 8. Qa4 Qd7 9. Nc3 Bg6 10. Bf4 Be7 11. e4 0-0 12. Nh4 d4 13. Nxg6 hxg6 14. Ne2 e5 15. Bg5 Qg4 16. Bxf6 gxf6 17. f3 Qg5 18. f4 Qh5 19. Rf2 Kg7 20. fxe5 fxe5 21. Qb3 Bg5 22. Bf3 Qh3 23. Bg2 Qg4 24. Bf3 Qd7 25. Kg2 Be3 26. Rff1 Rh8 27. g4 Qe7 28. h3 Qh4 29. Ng1 Bf4 30. Rf2 Be3 31. Rff1 Bxg1 32. Rxg1 Qxh3+ 33. Kf2 Qh2+ 34. Rg2 Qf4 35. Rf1 Rh3 36. Ke2 Qe3+ 0-1

[Event "Asuncion IRT op "]
[Site "Asuncion"]
[Date "2015.02.20"]
[Round "1"]
[White "Morales, Ever"]
[Black "Oxley, Victor M"]
[Result "1-0"]
[WhiteElo "1980"]
[BlackElo "1439"]
[PlyCount "61"]
[EventDate "2015.02.20"]
[EventType "swiss"]
[EventRounds "9"]
[EventCountry "PAR"]
[SourceTitle "EXT 2017"]
[Source "ChessBase"]
[SourceDate "2016.10.25"]
[SourceVersion "1"]
[SourceVersionDate "2016.10.25"]
[SourceQuality "1"]

1. b3 b6 2. Bb2 Bb7 3. Nf3 e6 4. g3 Nf6 5. Bg2 Be7 6. 0-0 d6 7. d4 0-0 8. c4 Nbd7 9. Nbd2 c5 10. e3 Qc7 11. Rc1 Ne4 12. Ne1 Nxd2 13. Qxd2 Bxg2 14. Nxg2 Nf6 15. Rfe1 Qb7 16. Qe2 d5 17. cxd5 Nxd5 18. dxc5 bxc5 19. e4 Nb4 20. Nf4 Bd6 21. Nh5 e5 22. Qg4 g6 23. Nf6+ Kg7 24. Qg5 Qe7 25. Rcd1 Qxf6 26. Qxf6+ Kxf6 27. Rxd6+ Ke7 28. Red1 Rad8 29. Bxe5 Rc8 30. Bf6+ Ke8 31. Rd8+ 1-0

[Event "PAR-ch Mayor"]
[Site "Asuncion"]
[Date "2012.05.14"]
[Round "5.7"]
[White "Morales, Ever"]
[Black "Butti, Enrique"]
[Result "1/2-1/2"]
[WhiteElo "1980"]
[BlackElo "2034"]
[PlyCount "36"]
[EventDate "2012.05.04"]
[EventType "swiss"]
[EventRounds "9"]
[EventCountry "PAR"]
[SourceTitle "EXT 2023"]
[Source "ChessBase"]
[SourceDate "2022.10.05"]
[SourceVersion "1"]
[SourceVersionDate "2022.10.05"]
[SourceQuality "1"]

1. e4 c5 2. Nf3 d6 3. d4 cxd4 4. Nxd4 Nf6 5. Nc3 a6 6. h3 e5 7. Nde2 b5 8. g4 Bb7 9. Bg2 h6 10. Be3 Nbd7 11. Ng3 Nb6 12. 0-0 Rc8 13. Qd3 b4 14. Nd5 Nbxd5 15. exd5 Qa5 16. Rfd1 Qb5 17. Qxb5+ axb5 18. Rd2 g6 1/2-1/2

[Event "Asuncion Semana Santa del CDPS"]
[Site "Asuncion"]
[Date "2011.04.21"]
[Round "2.3"]
[White "Morales, Ever"]
[Black "Almiron, Antonio"]
[Result "0-1"]
[WhiteElo "1957"]
[BlackElo "2128"]
[PlyCount "82"]
[EventDate "2011.04.20"]
[EventType "swiss"]
[EventRounds "7"]
[EventCountry "PAR"]
[SourceTitle "EXT 2023"]
[Source "ChessBase"]
[SourceDate "2022.10.05"]
[SourceVersion "1"]
[SourceVersionDate "2022.10.05"]
[SourceQuality "1"]

1. e4 c5 2. Nf3 g6 3. d4 cxd4 4. Nxd4 Nc6 5. Nc3 Bg7 6. Be3 Nf6 7. Be2 0-0 8. Nb3 d6 9. f4 Be6 10. g4 Na5 11. f5 Bc4 12. Nxa5 Bxe2 13. Qxe2 Qxa5 14. 0-0 Nd7 15. Nd5 e6 16. b4 Qd8 17. f6 Nxf6 18. Nxf6+ Bxf6 19. Rad1 Be5 20. Qf2 Qc7 21. Bxa7 Rxa7 22. Qxa7 Qxc2 23. Qf2 Qxe4 24. Qf3 Qxb4 25. Rb1 Qd2 26. Qg2 Bd4+ 27. Kh1 Qxg2+ 28. Kxg2 b6 29. Rb3 f5 30. gxf5 gxf5 31. Rd3 Bc5 32. Rfd1 Kf7 33. Rh3 Kg6 34. Rdd3 f4 35. Kf3 e5 36. Rd2 h5 37. Rg2+ Kh6 38. Ke4 Bd4 39. Rg4 f3 40. Rgg3 Rf4+ 41. Kd5 f2 0-1

[Event "Asuncion La Pergola Jardin op"]
[Site "Asuncion"]
[Date "2011.01.26"]
[Round "7"]
[White "Morales, Ever"]
[Black "Butti, Enrique"]
[Result "0-1"]
[WhiteElo "1959"]
[BlackElo "2071"]
[PlyCount "70"]
[EventDate "2011.01.17"]
[EventType "swiss"]
[EventRounds "7"]
[EventCountry "PAR"]
[SourceTitle "EXT 2012"]
[Source "ChessBase"]
[SourceDate "2011.11.24"]
[SourceVersion "1"]
[SourceVersionDate "2011.11.24"]
[SourceQuality "1"]

1. e4 c5 2. Nf3 d6 3. d4 cxd4 4. Nxd4 Nf6 5. Nc3 e6 6. g4 h6 7. Be3 Nc6 8. f3 a6 9. Qd2 Nxd4 10. Bxd4 e5 11. Be3 Be6 12. 0-0-0 Qa5 13. Kb1 Rc8 14. Nd5 Qxd2 15. Nxf6+ gxf6 16. Rxd2 Be7 17. h4 h5 18. Bh3 hxg4 19. Bxg4 Bxg4 20. fxg4 Rc4 21. Rg2 Rxe4 22. Bc1 Rg8 23. h5 Rexg4 24. Rxg4 Rxg4 25. h6 Rg8 26. h7 Rh8 27. c4 f5 28. b4 f4 29. Kc2 f5 30. a4 Kf7 31. b5 Kg6 32. Rf1 Rxh7 33. Bxf4 exf4 34. Rxf4 Bf6 35. Rf1 Rh3 0-1

[Event "Asuncion La Pergola Jardin op"]
[Site "Asuncion"]
[Date "2011.01.25"]
[Round "6"]
[White "Florentin, Damaso"]
[Black "Morales, Ever"]
[Result "0-1"]
[WhiteElo "1775"]
[BlackElo "1959"]
[PlyCount "54"]
[EventDate "2011.01.17"]
[EventType "swiss"]
[EventRounds "7"]
[EventCountry "PAR"]
[SourceTitle "EXT 2012"]
[Source "ChessBase"]
[SourceDate "2011.11.24"]
[SourceVersion "1"]
[SourceVersionDate "2011.11.24"]
[SourceQuality "1"]

1. d4 g6 2. Nf3 Bg7 3. c4 Nf6 4. Nc3 d5 5. e3 0-0 6. Be2 c5 7. 0-0 cxd4 8. exd4 dxc4 9. Bxc4 a6 10. Re1 b5 11. Bf1 Bb7 12. Qd3 Nc6 13. a3 Rc8 14. b4 Qc7 15. Bb2 Rfd8 16. Rac1 Nxd4 17. Nxd4 Ng4 18. Qh3 Nxf2 19. Kxf2 Bxd4+ 20. Re3 Qf4+ 21. Ke2 Rc4 22. Nd1 Bxb2 23. Rxc4 Qxc4+ 24. Kf2 Qf4+ 25. Ke2 Bxa3 26. Nf2 Qc4+ 27. Nd3 Qc2+ 0-1

[Event "Asuncion La Pergola Jardin op"]
[Site "Asuncion"]
[Date "2011.01.18"]
[Round "2"]
[White "Escofet Fernandez, Jaime"]
[Black "Morales, Ever"]
[Result "1-0"]
[WhiteElo "2055"]
[BlackElo "1959"]
[PlyCount "113"]
[EventDate "2011.01.17"]
[EventType "swiss"]
[EventRounds "7"]
[EventCountry "PAR"]
[SourceTitle "EXT 2012"]
[Source "ChessBase"]
[SourceDate "2011.11.24"]
[SourceVersion "1"]
[SourceVersionDate "2011.11.24"]
[SourceQuality "1"]

1. Nf3 g6 2. d4 Bg7 3. e3 Nf6 4. Bd3 b6 5. 0-0 Bb7 6. Nbd2 0-0 7. b3 d6 8. Bb2 Nbd7 9. Re1 e5 10. e4 exd4 11. Bxd4 c5 12. Bb2 d5 13. exd5 Nxd5 14. Bxg7 Kxg7 15. c4 Nf4 16. Be4 Bxe4 17. Nxe4 Nf6 18. Nxf6 Qxf6 19. Qd7 Rfe8 20. Rad1 Red8 21. Qb7 Ne2+ 22. Kf1 Nd4 23. Nxd4 cxd4 24. Rd3 Rdb8 25. Qe4 Rd8 26. Red1 Rac8 27. Rxd4 Re8 28. Qd3 Kg8 29. h3 Qe5 30. Kg1 Qa5 31. Qd2 Qa3 32. Rd7 Re6 33. Rd8+ Rxd8 34. Qxd8+ Kg7 35. Qd4+ Kg8 36. Qd8+ Kg7 37. Qd2 h5 38. Qc3+ f6 39. Rd7+ Re7 40. Rxe7+ Qxe7 41. b4 Qe2 42. c5 Qxa2 43. c6 Qb1+ 44. Kh2 Qf5 45. c7 Qc8 46. b5 Kf7 47. Qc6 Ke7 48. g3 g5 49. Kg2 Kf7 50. f3 Ke7 51. Kf2 Qxh3 52. c8Q Qh2+ 53. Ke3 Qg1+ 54. Ke4 Qb1+ 55. Qc2 f5+ 56. Kxf5 Qxb5+ 57. Kg6 1-0

[Event "PAR-ch"]
[Site "Asuncion"]
[Date "2009.09.12"]
[Round "7"]
[White "Lipiniks, Leonardo"]
[Black "Morales, Ever"]
[Result "1/2-1/2"]
[WhiteElo "1920"]
[BlackElo "1941"]
[PlyCount "135"]
[EventDate "2009.09.06"]
[EventType "swiss"]
[EventRounds "9"]
[EventCountry "PAR"]
[SourceTitle "CBM 132 Extra"]
[Source "ChessBase"]
[SourceDate "2009.11.03"]
[SourceVersion "1"]
[SourceVersionDate "2009.11.03"]
[SourceQuality "1"]

1. d4 g6 2. e4 Bg7 3. Nf3 d6 4. Bc4 Nf6 5. Nc3 0-0 6. 0-0 Nxe4 7. Nxe4 d5 8. Bd3 dxe4 9. Bxe4 Nd7 10. c3 c5 11. Be3 Nf6 12. Bd3 Nd5 13. Qe2 Nxe3 14. fxe3 cxd4 15. exd4 Bg4 16. h3 Be6 17. b3 Rc8 18. Rac1 Rxc3 19. Rcd1 Qd6 20. Be4 Bh6 21. Bxb7 Qc7 22. Be4 Re3 23. Qc2 Qg3 24. Bc6 Bxh3 25. Qf2 Qd6 26. gxh3 Qxc6 27. Ne5 Qe6 28. Ng4 Bg5 29. Rde1 Rxe1 30. Rxe1 Qd7 31. Ne5 Qxh3 32. Qf3 Qxf3 33. Nxf3 Bf6 34. Ne5 Rc8 35. Kg2 Rc2+ 36. Kf3 Rxa2 37. Nc6 Ra3 38. Nxe7+ Bxe7 39. Rxe7 Rxb3+ 40. Ke4 a5 41. Ra7 Rb5 42. d5 Kf8 43. Ke5 Rb6 44. Ra8+ Kg7 45. Rxa5 h5 46. d6 Rb7 47. Kd5 Rd7 48. Kc6 Rd8 49. Kc7 Rxd6 50. Kxd6 Kf6 51. Kd5 Kf5 52. Kd4+ Kg4 53. Ke3 h4 54. Kf2 f5 55. Kg1 g5 56. Ra2 f4 57. Rg2+ Kf5 58. Ra2 h3 59. Kf2 g4 60. Ra5+ Ke4 61. Ra4+ Kf5 62. Ra5+ Ke4 63. Ra4+ Kf5 64. Ra5+ Kf6 65. Rb5 Kg6 66. Rb6+ Kg5 67. Rb8 Kf5 68. Rf8+ 1/2-1/2

[Event "PAR-ch"]
[Site "Asuncion"]
[Date "2009.09.11"]
[Round "6"]
[White "Morales, Ever"]
[Black "Gamarra, Ramon"]
[Result "0-1"]
[WhiteElo "1941"]
[BlackElo "2006"]
[PlyCount "74"]
[EventDate "2009.09.06"]
[EventType "swiss"]
[EventRounds "9"]
[EventCountry "PAR"]
[SourceTitle "CBM 132 Extra"]
[Source "ChessBase"]
[SourceDate "2009.11.03"]
[SourceVersion "1"]
[SourceVersionDate "2009.11.03"]
[SourceQuality "1"]

1. e4 d6 2. d4 g6 3. Nc3 Bg7 4. Be3 Nd7 5. Qd2 c6 6. Nf3 b5 7. d5 b4 8. dxc6 bxc3 9. cxd7+ Bxd7 10. bxc3 Qa5 11. Nd4 Nf6 12. f3 0-0 13. Bd3 Rfc8 14. c4 Qa3 15. 0-0 Rab8 16. Qf2 a6 17. Nb3 Be8 18. Bd4 e5 19. Be3 Bd7 20. Bc1 Qa4 21. Rd1 Be6 22. Qe2 Bf8 23. Be3 Bxc4 24. Bxc4 Rxc4 25. Rd2 Rbc8 26. h4 Qa3 27. Qd1 Rc3 28. Re2 Nh5 29. Bc1 Qb4 30. Bb2 R3c4 31. a4 Qb6+ 32. Kh2 Nf4 33. a5 Qd8 34. Rd2 Qxh4+ 35. Kg1 Qg3 36. Nc1 Bh6 37. Ne2 Qxg2# 0-1

[Event "PAR-ch"]
[Site "Asuncion"]
[Date "2009.09.09"]
[Round "4"]
[White "Latorre Lopez Moreira, Luis Matias"]
[Black "Morales, Ever"]
[Result "1-0"]
[WhiteElo "2032"]
[BlackElo "1941"]
[PlyCount "70"]
[EventDate "2009.09.06"]
[EventType "swiss"]
[EventRounds "9"]
[EventCountry "PAR"]
[SourceTitle "CBM 132 Extra"]
[Source "ChessBase"]
[SourceDate "2009.11.03"]
[SourceVersion "1"]
[SourceVersionDate "2009.11.03"]
[SourceQuality "1"]

1. d4 Nf6 2. Bg5 g6 3. Bxf6 exf6 4. e3 d5 5. Ne2 Bd6 6. g3 Bf5 7. Nd2 g5 8. Bg2 c6 9. b3 Na6 10. a3 Qe7 11. Qc1 h5 12. h4 Rc8 13. c4 dxc4 14. bxc4 0-0 15. hxg5 fxg5 16. Rxh5 Bg6 17. Rh2 c5 18. d5 Nc7 19. Nf1 b5 20. f4 f6 21. Kf2 Bd3 22. Nd2 Bxe2 23. Kxe2 gxf4 24. gxf4 Bxf4 25. Rh3 Rce8 26. Qh1 Qg7 27. Rg1 Re5 28. Be4 Rg5 29. Rh7 Rxg1 30. Rxg7+ Rxg7 31. exf4 f5 32. Bf3 Rf6 33. Kf2 Rh7 34. Qa1 Rh2+ 35. Ke3 Rf8 1-0

[Event "PAR-ch"]
[Site "Asuncion"]
[Date "2009.09.06"]
[Round "1"]
[White "Morales, Ever"]
[Black "Almiron, Antonio"]
[Result "0-1"]
[WhiteElo "1941"]
[BlackElo "2083"]
[PlyCount "110"]
[EventDate "2009.09.06"]
[EventType "swiss"]
[EventRounds "9"]
[EventCountry "PAR"]
[SourceTitle "CBM 132 Extra"]
[Source "ChessBase"]
[SourceDate "2009.11.03"]
[SourceVersion "1"]
[SourceVersionDate "2009.11.03"]
[SourceQuality "1"]

1. e4 c5 2. Nf3 e6 3. g3 Nc6 4. Bg2 Nf6 5. Nc3 Qc7 6. d4 cxd4 7. Nxd4 a6 8. 0-0 Bc5 9. Nb3 Be7 10. f4 d6 11. Kh1 0-0 12. Be3 b5 13. g4 b4 14. Ne2 Nxg4 15. Bg1 Bb7 16. Ng3 Nf6 17. Rc1 Rfe8 18. c3 bxc3 19. Rxc3 Rac8 20. Qe2 Qb8 21. a3 Bf8 22. Nh5 Nxh5 23. Qxh5 g6 24. Qg4 Ne7 25. Rg3 f5 26. Qh3 Bg7 27. Nd4 Nc6 28. Nf3 Nd8 29. exf5 exf5 30. Ng5 h6 31. Nf3 Re6 32. Nh4 Rc2 33. Rf2 Rxf2 34. Bxf2 Kf7 35. Nxg6 Bxg2+ 36. Rxg2 Qxb2 37. Qxf5+ Kg8 38. Qd5 Qb1+ 39. Bg1 Qe4 40. Ne7+ Kf7 41. f5 Qxd5 42. Nxd5 Re5 43. Rxg7+ Kxg7 44. Bd4 Nc6 45. Bxe5+ Nxe5 46. Kg2 Nc4 47. a4 Nb2 48. Kf3 Nxa4 49. Kf4 Nc5 50. f6+ Kf7 51. Kf5 a5 52. Ne3 a4 53. Nc4 d5 54. Ne5+ Kf8 55. Kg6 a3 0-1